| 000 | 00424 a2200145 4500 | ||
|---|---|---|---|
| 001 | 87922 | ||
| 082 | _aPR 251 | ||
| 090 |
_c41390 _d41390 |
||
| 100 | _aMubashar Ahmad; Messam Abbas Naqvi, Supervisor | ||
| 245 |
_aDevelopment of stability module for ACDS software _nG-66 |
||
| 260 |
_aRisalpur _bNUST _c2009 |
||
| 300 | _aiv, 69 p. | ||
| 500 | _aBE project reports AE | ||
| 610 | _aAACDS=aircraft conceptual design software | ||
| 942 |
_aCAE NUST _kPR 251 |
||
| 999 |
_c322995 _d322995 |
||